|
|
|
|
| LEADER |
01295nam a2200277 a 4500 |
| 001 |
6914719 |
| 003 |
BD-DhAAL |
| 005 |
20260106143940.0 |
| 008 |
090528s2004 enk 000 0 eng d |
| 010 |
|
|
|a 41024684
|
| 040 |
|
|
|a DLC
|c CarP
|d DLC
|d BD-DhAAL
|
| 082 |
0 |
0 |
|a 530/.07/8
|2 22
|
| 100 |
1 |
|
|a Worsnop, B. L.
|q (Bernard Lister),
|d b. 1892.
|9 60074
|
| 245 |
0 |
0 |
|a Advanced practical physics for students /
|c B. L.Worsnop and , Henry Thomas Flint.
|
| 250 |
|
|
|a Revised edition.
|
| 260 |
|
|
|a London,
|b Methuen & co., ltd.;
|a New Delhi :
|b Khosla Publishing House
|c 2004.
|
| 300 |
|
|
|a vii,754 pages :
|b illustrations ;
|c 21cm.
|
| 504 |
|
|
|a Includes index
|
| 541 |
1 |
|
|e 00012824
|
| 650 |
|
0 |
|a Physics
|v Laboratory manuals.
|9 60075
|
| 700 |
1 |
|
|a Flint, Henry Thomas,
|d 1890- [from old catalog]
|e joint author.
|9 60076
|
| 852 |
4 |
|
|a Ayesha Abed Library
|j General shelf
|
| 942 |
|
|
|2 ddc
|c BK
|
| 999 |
|
|
|c 1147
|d 1147
|
| 952 |
|
|
|0 0
|1 0
|2 ddc
|4 0
|6 530_078000000000000_WOR
|7 0
|9 1036
|a BRACUL
|b BRACUL
|c GEN
|d 2009-06-24
|g 0.00
|l 2
|m 2
|o 530.078 WOR
|p 3010012824
|r 2014-10-16
|s 2014-09-25
|t 1
|w 2009-06-24
|y BK
|x No price found in the accession register
|
| 952 |
|
|
|0 0
|1 0
|2 ddc
|4 1
|6 530_078000000000000_WOR
|7 0
|9 8934
|a BRACUL
|b BRACUL
|c SPS
|d 2010-04-04
|l 0
|o 530.078 WOR
|p 3010012825
|r 2010-04-04
|t 2
|w 2010-04-04
|y BK
|x Price not available in Register
|